|
|
|
|
| LEADER |
01197nam a2200265 a 4500 |
| 001 |
4111 |
| 003 |
BD-DhAAL |
| 005 |
20180327120107.0 |
| 008 |
140303s1990 bg a b f000 0 eng |
| 999 |
|
|
|c 14193
|d 14193
|
| 010 |
|
|
|a 91902666
|
| 040 |
|
|
|a DLC
|c DLC
|d DLC
|d BD-DhAAL
|
| 050 |
0 |
0 |
|a HG3290.6.A6
|b A34 1990
|
| 082 |
|
|
|2 21
|a 332.1/09549/2
|
| 100 |
1 |
|
|a Abedin, Zainul,
|d 1953-
|9 3928
|
| 245 |
1 |
0 |
|a Commercial banking in Bangladesh :
|b a study of disparities of regional and sectoral growth trends (1846-1986) /
|c M. Zainul Abedin.
|
| 250 |
|
|
|a 1st ed.
|
| 260 |
|
|
|a Dhaka :
|b National Institute of Local Government,
|c 1990.
|
| 300 |
|
|
|a xxiii, 355 pages :
|b illustrations ;
|c 23 cm.
|
| 504 |
|
|
|a Includes bibliographical references (p. [333]-355).
|
| 650 |
|
0 |
|a Banks and banking
|z Bangladesh.
|9 3929
|
| 852 |
|
|
|a Ayesha Abed Library
|c General stacks
|
| 942 |
|
|
|2 ddc
|c BK
|
| 952 |
|
|
|0 0
|1 0
|2 ddc
|4 0
|6 332_109549200000000_ABE
|7 0
|9 23937
|a BRACUL
|b BRACUL
|c GEN
|d 2014-03-03
|g 300.00
|l 0
|o 332.1095492 ABE
|p 3010004111
|r 2014-03-03
|t 1
|w 2014-03-03
|y BK
|
| 952 |
|
|
|0 0
|1 0
|2 ddc
|4 0
|6 332_109549200000000_ABE
|7 0
|9 23938
|a BRACUL
|b BRACUL
|c GEN
|d 2014-03-03
|g 300.00
|l 0
|o 332.1095492 ABE
|p 3010004816
|r 2014-03-03
|t 2
|w 2014-03-03
|y BK
|